Estatísticas para Copa do Mundo da FIFA de 2014

Clique aqui para jogar o quiz

Estatísticas Gerais

  • Esse quiz foi jogado 2,328 vezes
  • A pontuação média é 26 de 32

Estatísticas das Respostas

Grupo Time % Correto
Grupo ABrasil
99%
Grupo GAlemanha
97%
Grupo FArgentina
97%
Grupo BEspanha
95%
Grupo GPortugal
94%
Grupo DItália
93%
Grupo AMéxico
92%
Grupo EFrança
92%
Grupo CJapão
92%
Grupo DUruguai
91%
Grupo GEstados Unidos
90%
Grupo CColômbia
90%
Grupo BPaíses Baixos
90%
Grupo BChile
88%
Grupo DInglaterra
88%
Grupo ACroácia
87%
Grupo BAustrália
84%
Grupo HRússia
83%
Grupo HCoreia do Sul
82%
Grupo ACamarões
81%
Grupo HBélgica
79%
Grupo ESuíça
79%
Grupo DCosta Rica
77%
Grupo FNigéria
74%
Grupo GGana
68%
Grupo FIrã
67%
Grupo CGrécia
66%
Grupo CCosta do Marfim
64%
Grupo HArgélia
62%
Grupo EHonduras
61%
Grupo EEquador
61%
Grupo FBósnia-Herzegovina
58%

Distribuição das Pontuações

Percentil de Números Respondidos

Porcentagem de Pessoas com Cada Pontuação

Sua Pontuação Histórica

Você não jogou esse quiz